Normal view
MARC view
Entry Personal Name
001 - CONTROL NUMBER
- control field: 4906
003 - CONTROL NUMBER IDENTIFIER
- control field: OSt
005 - DATE AND TIME OF LATEST TRANSACTION
- control field: 20150525183929.0
008 - FIXED-LENGTH DATA ELEMENTS
- fixed length control field: 150525|| aca||aabn | a|a d
040 ## - CATALOGING SOURCE
- Original cataloging agency: OSt
- Transcribing agency: OSt
100 ## - HEADING--PERSONAL NAME
- Personal name: Pain M C F
670 ## - SOURCE DATA FOUND
- Source citation: Work cat.: (OSt): Cade J F 4904, Essentials of Respiratory Medicine /, 1988.
